Statistics for Ethnic Groups by Country Quiz #1

Click here to take the quiz!

General Stats

  • This quiz has been taken 53,160 times
    (11,541 since last reset)
  • The average score is 15 of 21

Answer Stats

Group Country % Correct
DutchNetherlands
98%
PersiansIran
97%
CatalansSpain
94%
MāoriNew Zealand
92%
TibetansChina
92%
KurdsTurkey
88%
NavajoUnited States
87%
FlemishBelgium
85%
SlavsRussia
83%
TamilsIndia
77%
BretonsFrance
70%
HutusRwanda
69%
QuechuaPeru
66%
MaasaiKenya / Tanzania
65%
PashtunsPakistan
65%
MagyarsHungary
65%
CoptsEgypt
60%
RomanshSwitzerland
58%
SamiNorway
49%
IgboNigeria
48%
BantusD.R. Congo
39%

Score Distribution

Percentile by Number Answered

Percent of People with Each Score

Your Score History

You have not taken this quiz since the last reset